Rahsia & keberkatan air zam-zam : sejarah,nama-nama,fadhilat & khasiatnya

Bibliographic Details
Main Author: Muhammad Yahya Bakdasy Sa'id
Other Authors: Ibnu Ghazali
Format: Book
Published: Kuala Lumpur : Jasmin Enterprise , 2002
Subjects:

MARC

LEADER 00000cam a2200000 7i4500
001 0000013242
005 20080111.0
008 080109
020 |a 983256512x 
090 0 0 |a 297.1228   |b BAK 
100 0 |a Muhammad Yahya Bakdasy Sa'id 
245 1 0 |a Rahsia & keberkatan air zam-zam :   |b sejarah,nama-nama,fadhilat & khasiatnya   |c Sa'id Muhammad Yahya Bakdasy;Terjemahan Ibnu Ghazali 
260 |a Kuala Lumpur :   |b Jasmin Enterprise ,   |c 2002 
650 0 |a Medicine   |x religious aspects   |x Islam 
650 0 |a Water   |x religious aspects   |x Islam 
700 0 |a Ibnu Ghazali 
999 |a 0001005829   |b Book   |c Adult Collection   |e Perbadanan Perpustakaan Awam Johor 
999 |a 0001005830   |b Book   |c Adult Collection   |e Perbadanan Perpustakaan Awam Johor 
999 |a 0001005831   |b Book   |c Adult Collection   |e Perbadanan Perpustakaan Awam Johor 
999 |a 0001009722   |b Book   |c Adult Collection   |e Perbadanan Perpustakaan Awam Johor 
999 |a 0001009723   |b Book   |c Adult Collection   |e Perbadanan Perpustakaan Awam Johor